LEADER 01282nam a2200289 i 4500 001 000000146694 003 CaOOAMICUS 005 20100601000000.0 008 100601s2005 it u000 u ita u 013 $a123507 020 $a88-8025-521-5 040 $aSeMil$bita 100 1 $aCombi, Ernesto Battista,$c.$0(OLS)http://semarc/name/16115 245 10$aFede e società :$bIntroduzione all'etica sociale /$cErnesto Combi, Eros Monti. 260 $aMilano :$bITL,$c2005. 300 $a361 p. ;$c21 cm. 650 4$aChiesa cattolica - Dottrina sociale.$0(OLS)http://semarc/subject/330 650 4$aLavoro - Dottrina cristiana.$0(OLS)http://semarc/subject/5369 650 4$aEtica e politica.$0(OLS)http://semarc/subject/6063 650 4$aEtica sociale.$0(OLS)http://semarc/subject/331 700 1 $aMonti, Eros,$d<1958- >.$0(OLS)http://semarc/name/20033 850 $aSeMil 852 $aSeMil$W1$xVenegono$y1$m2F IV 406$j260572$B99326$CSeMilBibl$Z2$F107907 $81 961 $aOmaggio: ITL 996 $6020$a88-8025-521-5$9(OLS)http://semarc/number/135282 996 $6245$aFede e società :$bIntroduzione all'etica sociale$9(OLS)http://semarc/title/214513 996 $6260$aMilano :$bITL$9(OLS)http://semarc/publisher/30648 LEADER 01597nam a2200289 i 4500 001 000000259122 003 CaOOAMICUS 005 20180704000000.0 008 180704s2017 gw u000 u eng u 013 $a238030 020 $a978-3-11-052259-4 040 $aSeMil$bita 100 1 $aMizrahi, Noam <1975- >.$0(OLS)http://semarc/name/95046 245 10$aWitnessing a prophetic text in the making :$bthe literary, textual and linguistic development of Jeremiah 10:1-16 /$cNoam Mizrahi. 260 $aBerlin ; Boston :$bDe Gruyter,$c2017. 300 $aviii, 242 p. ;$c24 cm. 490 0 $aBeihefte zur Zeitschrift für die alttestamentliche Wissenschaft ;$v502 650 4$aBibbia. Antico Testamento. Geremia - Commentari, studi, critica, interpretazioni.$0(OLS)http://semarc/subject/29 650 4$aBibbia. Antico Testamento. Geremia - Analisi narrativa e linguistica.$0(OLS)http://semarc/subject/29780 650 4$aBibbia. Antico Testamento. Geremia, 10,1-16.$0(OLS)http://semarc/subject/42855 830 0$aBeihefte zur Zeitschrift für die alttestamentliche Wissenschaft ;$v502.$0(OLS)http://semarc/title/294 850 $aSeMil 852 $aSeMil$W1$xVenegono$y1$m2XA Q 502$j209467$B209467$CSeMilBibl$Z2$F223126 $81 961 $aSottoscrizione: De Gruyter 996 $6020$a978-3-11-052259-4$9(OLS)http://semarc/number/284719 996 $6245$aWitnessing a prophetic text in the making :$bthe literary, textual and linguistic development of Jeremiah 10:1-16$9(OLS)http://semarc/title/413949 996 $6260$aBerlin ; Boston :$bDe Gruyter$9(OLS)http://semarc/publisher/36449